|
|
|
|
| LEADER |
01174cam a2200373 a 4500 |
| 001 |
000046217 |
| 003 |
5673 |
| 005 |
20180118102803.0 |
| 008 |
010220b1996 vm 000 eng |
| 020 |
|
|
|a 0471121576
|
| 040 |
|
|
|a LRCC
|c LRCC
|d LRCC
|
| 041 |
0 |
|
|a eng
|
| 082 |
1 |
4 |
|a 624.176
|b SI-E
|
| 100 |
1 |
|
|a Simiu, Emil.
|
| 245 |
1 |
0 |
|a Wind effects on structures :
|b fundamentals and applications to design /
|c Emil Simiu.
|
| 250 |
|
|
|a 3rd ed.
|
| 260 |
|
|
|a New York :
|b John Wiley and Sons,
|c 1996.
|
| 300 |
|
|
|a xiv, 688 p. :
|b ill.
|
| 630 |
0 |
4 |
|a Buildings.
|
| 650 |
0 |
4 |
|a Wind-pressure.
|
| 650 |
0 |
4 |
|a Buildings
|x Aerodynamics.
|
| 650 |
0 |
4 |
|a Wind resistant design.
|
| OWN |
|
|
|a DUT
|
| AVA |
|
|
|a UDN50
|b DUT
|c Book
|d 624.176 SI-E
|e available
|t Error 5001 Not defined in file expand_doc_bib_avail.
|f 1
|g 0
|h N
|i 0
|j SH
|k 1
|
| 999 |
|
|
|a From the UDN01
|
| AVA |
|
|
|a UDN50
|b DUT
|c Book
|d 624.176 SI-E
|e available
|t Error 5001 Not defined in file expand_doc_bib_avail.
|f 1
|g 0
|h N
|i 0
|j SH
|k 1
|
| TYP |
|
|
|a Monograph
|
| TYP |
|
|
|a Printed language
|
| 980 |
|
|
|a Mạng thư viện Đại học Đà Nẵng
|